| 000 | 00901 a2200253 4500 | ||
|---|---|---|---|
| 003 | Nust | ||
| 005 | 20170207154037.0 | ||
| 010 | _a 98084488 | ||
| 020 | _a0764501682 | ||
| 035 | _a(OCoLC)38991180 | ||
| 040 | _cNust | ||
| 082 | 0 | 0 | _a794.8152762 |
| 100 | 1 | _aHolder, Wayne. | |
| 245 | 1 | 0 |
_aJava game programming for dummies (E-BOOK) _cby Wayne Holder and Doug Bell. |
| 260 |
_aFoster City, CA : _bIDG Books Worldwide, _cc1998. |
||
| 300 |
_axviii, 359 p. : _bill. ; _c24 cm. + _e1 computer laser optical disc (4 3/4 in.). |
||
| 440 | 0 | _a--For dummies | |
| 500 | _aIncludes index. | ||
| 505 | _aIntroduction (Page-1) Part l: Steppin' Out(Page-5) Part II UP to Speed (Page-71) Part Ill: Seven League Boots (Page-215) | ||
| 650 | 0 |
_aComputer games _xProgramming. |
|
| 650 | 0 | _aJava (Computer program language) | |
| 651 | _aJava game programming for dummies (E-BOOK) | ||
| 700 | 1 |
_aBell, Doug, _d1944- |
|
| 942 |
_2ddc _cBK |
||
| 999 |
_c192407 _d192407 |
||